Everything's amazing (sort of) / (Record no. 4243)

MARC details
000 -LEADER
fixed length control field 01925cam a2200469 i 4500
001 - CONTROL NUMBER
control field 4243
003 - CONTROL NUMBER IDENTIFIER
control field FISKH
005 - DATE AND TIME OF LATEST TRANSACTION
control field 20240708092354.0
008 - FIXED-LENGTH DATA ELEMENTS--GENERAL INFORMATION
fixed length control field 140711t20152012maua j 000 1 eng d
010 ## - LIBRARY OF CONGRESS CONTROL NUMBER
LC control number 2014945702
020 ## - INTERNATIONAL STANDARD BOOK NUMBER
International Standard Book Number 9780763674731
Qualifying information (reinforced trade edition)
020 ## - INTERNATIONAL STANDARD BOOK NUMBER
International Standard Book Number 0763674737
Qualifying information (reinforced trade edition)
020 ## - INTERNATIONAL STANDARD BOOK NUMBER
International Standard Book Number 9780763690984
020 ## - INTERNATIONAL STANDARD BOOK NUMBER
International Standard Book Number 9781407124414
020 ## - INTERNATIONAL STANDARD BOOK NUMBER
International Standard Book Number 0763690988
040 ## - CATALOGING SOURCE
Original cataloging agency YDXCP
Language of cataloging eng
Transcribing agency YDXCP
Modifying agency BTCTA
050 ## - LIBRARY OF CONGRESS CALL NUMBER
Classification number PZ7.P55223
082 ## - DEWEY DECIMAL CLASSIFICATION NUMBER
Classification number 823.92
100 1# - MAIN ENTRY--PERSONAL NAME
Personal name Pichon, Liz,
245 10 - TITLE STATEMENT
Title Everything's amazing (sort of) /
Statement of responsibility, etc. by Liz Pichon.
246 14 - VARYING FORM OF TITLE
Title proper/short title Tom Gates, everything's amazing (sort of)
260 ## - PUBLICATION, DISTRIBUTION, ETC.
Place of publication, distribution, etc. London :
Name of publisher, distributor, etc. Scholastic,
Date of publication, distribution, etc. 2012.
300 ## - PHYSICAL DESCRIPTION
Extent 404 pages :
Other physical details illustrations ;
Dimensions 20 cm.
490 1# - SERIES STATEMENT
Series statement Tom Gates
500 ## - GENERAL NOTE
General note "Includes a special glossary by Tom!"
505 ## - FORMATTED CONTENTS NOTE
Formatted contents note Q<br/>
520 ## - SUMMARY, ETC.
Summary, etc. Things are looking up for Tom Gates. The school dance is coming up, and his birthday, too! What could possibly put him in a bad mood? Well, the words math lesson, for one thing. And that annoying twit Marcus Meldrew at school. And Granny Mavis threatening to bake Tom's birthday cake (carrots!). And the fact that nobody seems to be noticing the long list of birthday presents Tom has prominently displayed. Worst of all, can it be true that Tom's dad has volunteered to deejay the school dance wearing the wacky costume from his new job?
521 ## - TARGET AUDIENCE NOTE
Target audience note 670<br/>
Source Lexile <br/>
521 ## - TARGET AUDIENCE NOTE
Target audience note Q<br/>
Source Raz-Plus<br/>
526 0# - STUDY PROGRAM INFORMATION NOTE
Program name Accelerated Reader
Reading level 4.1.
650 #0 - SUBJECT ADDED ENTRY--TOPICAL TERM
Topical term or geographic name entry element Schools
Form subdivision Juvenile fiction.
650 #0 - SUBJECT ADDED ENTRY--TOPICAL TERM
Topical term or geographic name entry element Birthdays
Form subdivision Juvenile fiction.
650 #0 - SUBJECT ADDED ENTRY--TOPICAL TERM
Topical term or geographic name entry element Dance parties
Form subdivision Juvenile fiction.
650 #1 - SUBJECT ADDED ENTRY--TOPICAL TERM
Topical term or geographic name entry element Family life
Form subdivision Fiction.
650 #1 - SUBJECT ADDED ENTRY--TOPICAL TERM
Topical term or geographic name entry element Schools
Form subdivision Fiction.
650 #1 - SUBJECT ADDED ENTRY--TOPICAL TERM
Topical term or geographic name entry element Birthdays
Form subdivision Fiction.
650 #1 - SUBJECT ADDED ENTRY--TOPICAL TERM
Topical term or geographic name entry element Drawing
Form subdivision Fiction.
655 #4 - INDEX TERM--GENRE/FORM
Genre/form data or focus term Humorous fiction.
906 ## - LOCAL DATA ELEMENT F, LDF (RLIN)
a 7
b cbc
c copycat
d 2
e epcn
f 20
g y-gencatlg
942 ## - ADDED ENTRY ELEMENTS (KOHA)
Source of classification or shelving scheme Dewey Decimal Classification
Koha item type Books
Suppress in OPAC No
Holdings
Withdrawn status Lost status Source of classification or shelving scheme Damaged status Not for loan Collection Home library Current library Shelving location Date acquired Total Checkouts Full call number Barcode Date last seen Date last checked out Price effective from Koha item type
    Dewey Decimal Classification     Juvenile Fiction Footprints International School Library Network Toul Kork Campus Footprints International School Library Network Toul Kork Campus TK Primary Library Room(4th Floor), Bookcase 5&6, Shelves 33-56, Orange Books 07/08/2024 4 PIC 823.92 PZ7.P55223 FISTK00108 03/09/2026 03/06/2026 07/08/2024 Books